كتاب الهمة في آداب اتباع الأئمة/ (Record no. 5937)
[ view plain ]
| 000 -الفاتح | |
|---|---|
| حقل البيانات ثابتة الطول | 00897nac a22001811u 4500 |
| 008 - عناصر البيانات ثابتة الطول - معلومات عامة | |
| حقل البيانات ثابتة الطول | 100808s19?? ua|||||| ||| 00| daara d |
| 082 ## - رقم تصنيف ديوى العشرى | |
| رقم التصنيف | 247.1 |
| رقم المادة | م غ ر |
| 100 ## - المدخل الرئيسى - إسم شخصى | |
| الإسم الشخصى | المغربي،النعمان بن محمد |
| 9 (RLIN) | 17175 |
| 245 ## - بيان العنوان | |
| العنوان | كتاب الهمة في آداب اتباع الأئمة/ |
| بيان المسئوليه,etc | النعمان بن محمد المغربي؛نشر وتحقيق محمد كامل حسين |
| 260 ## - PUBLICATION, DISTRIBUTION, ETC. (IMPRINT) | |
| مكان الناشر او الموزع | القاهرة: |
| اسم الناشر او الموزع | دار الفكر العربي، |
| تاريخ النشر أو التوزيع | [19??] |
| 300 ## - الوصف المادى | |
| التعداد | 142 ص؛ |
| أبعاد الوعاء | 24 سم |
| 490 ## - بيان السلسلة | |
| -- | 17178 |
| عنوان السلسلة | سلسة مخطوطات الفاطميين؛ |
| -- | 3 |
| 541 ## - تبصرة المصدر المباشر للتزويد | |
| طريقة التزويد | شراء؛ |
| 650 ## - المدخل الاضافى بالموضوع-مصطلح موضوعى | |
| مصطلح موضوعي أو اسم جغرافي كعنصر مدخل | الإمامة عند الشيعة |
| 9 (RLIN) | 22031 |
| 700 ## - المدخل الاضافى - اسم شخصى | |
| الإسم الشخصى | حسين، محمد كامل |
| 9 (RLIN) | 14983 |
| 942 ## - عناصر المدخل الإضافي( كوها) | |
| Koha [default] item type | Book - Borrowing |
| سابقة رقم الطلب | 247.1م غ ر |
| مصدر التصنيف او مخطط الترفيف | Dewey Decimal Classification |
| حالة التراجع | حالة الفقد | مصدر التصنيف او خطة الترفيف | حالة تلف | ليس للاعارة | مجموعات كوها | المكان الدائم | المكان الحالي | موقع الترفيف | تاريخ الاكتساب | Source of acquisition | رقم الاستدعاء | الباركود | Date last seen | نوع الوعاء |
|---|---|---|---|---|---|---|---|---|---|---|---|---|---|---|
| Dewey Decimal Classification | Central Library | Central Library | Lower Floor | 08/08/2010 | 247.1 م غ ر | 000007598 | 15/07/2025 | Book - Borrowing |